=LDR 00000nam 2200000 4500 =001 INLIS000000000028332 =005 20130612130639 =008 ***********************************Ind** =035 ##$$0010-061300000028332 =041 ##$$a Ind =082 ##$$a 636.2 =090 ##$$a 636.2, Sos t =100 ##$$a Sosroamidjojo, M. Samad =245 ##$$a Ternak potong dan kerja, M. Samad Sosroamidjojo =260 ##$$a 1975 $b Jakarta =300 ##$$a 186 hlm, ilus, 21 cm =650 ##$$a Ternak =850 ##$$a NBPNMAT